[Event "Turkey Cup 2019"]
[Site "Belek"]
[Date "2019.01.29"]
[Round "4.42"]
[White "Kirali, Mehmet"]
[Black "Yenil, Mucahit"]
[Result "0-1"]
[WhiteElo "1890"]
[BlackElo "1714"]
[Annotator "NA"]
[PlyCount "104"]
[EventDate "2019.01.27"]
[EventType "swiss"]
[EventCountry "TUR"]
[SourceTitle "playchess.com"]
[Source "ChessBase"]
[SourceQuality "1"]

1. d4 Nf6 2. Nf3 c5 3. d5 e6 4. c4 exd5 5. cxd5 d6 6. Nc3 g6 7. g3 Bg7 8. Bg2 O-O 9. O-O Na6 10. e4 Re8 11. Re1 Ng4 12. Bf4 Nc7 13. a4 b6 14. h3 Ne5 15. Nxe5 dxe5 16. Be3 Qd6 17. Qd2 Rb8 18. Nb5 Nxb5 19. axb5 Rb7 20. Ra3 f5 21. Bh6 Bxh6 22. Qxh6 fxe4 23. Rxe4 Rf7 24. Rea4 Ree7 25. Qd2 Kg7 26. Kh2 Bf5 27. g4 Be6 28. Be4 Bc8 29. Kg3 Rc7 30. f3 Rfe7 31. Kg2 Be6 32. b3 Red7 33. Ra1 Bf7 34. Rd1 Be8 35. h4 Rf7 36. Qe2 a5 37. Bd3 Rce7 38. Re4 Rf4 39. Bc4 g5 40. h5 h6 41. Re1 Kf6 42. Rxf4+ exf4 43. Qe6+ Rxe6 44. Rxe6+ Qxe6 45. dxe6 Ke5 46. Kf2 Kd4 47. Ke2 a4 48. Kd2 a3 49. Kc2 Ke3 50. Kb1 Kxf3 51. Bd5+ Kxg4 52. Bc6 Bxh5 0-1

[Event "Turkey Cup 2019"]
[Site "Belek"]
[Date "2019.01.29"]
[Round "4.43"]
[White "Cakmak, Sarven"]
[Black "Demirag, Batuhan"]
[Result "1/2-1/2"]
[WhiteElo "1780"]
[BlackElo "1906"]
[Annotator "NA"]
[PlyCount "58"]
[EventDate "2019.01.27"]
[EventType "swiss"]
[EventCountry "TUR"]
[SourceTitle "playchess.com"]
[Source "ChessBase"]
[SourceQuality "1"]

1. e4 c5 2. d4 cxd4 3. c3 d3 4. Bxd3 Nc6 5. c4 Nf6 6. Nc3 d6 7. Nf3 g6 8. h3 Bg7 9. O-O O-O 10. Be3 Bd7 11. Rc1 Rc8 12. b3 Qa5 13. Bb1 a6 14. Qe2 Qh5 15. Rfd1 Be6 16. Ng5 Qxe2 17. Nxe2 h6 18. Nxe6 fxe6 19. Nf4 Kf7 20. Nxg6 Kxg6 21. e5+ Kf7 22. exf6 Kxf6 23. Rd3 Kf7 24. Bb6 Bf6 25. Be3 h5 26. Rdd1 Rg8 27. Be4 Rc7 28. Bb6 Rd7 29. Be3 Rc7 1/2-1/2

[Event "Turkey Cup 2019"]
[Site "Belek"]
[Date "2019.01.29"]
[Round "4.44"]
[White "Kilic, Gokturk Kagan"]
[Black "Acar, Ozgur"]
[Result "1-0"]
[WhiteElo "2000"]
[BlackElo "1798"]
[Annotator "NA"]
[PlyCount "27"]
[EventDate "2019.01.27"]
[EventType "swiss"]
[EventCountry "TUR"]
[SourceTitle "playchess.com"]
[Source "ChessBase"]
[SourceQuality "1"]

1. e4 c5 2. Nf3 Nc6 3. d4 cxd4 4. Nxd4 Nf6 5. Nc3 e6 6. Ndb5 a6 7. Nd6+ Bxd6 8. Qxd6 Qe7 9. Qg3 g6 10. Bg5 h6 11. Qh4 Qb4 12. Bxf6 Rg8 13. Bd3 b6 14. O-O 1-0

[Event "Turkey Cup 2019"]
[Site "Belek"]
[Date "2019.01.29"]
[Round "4.45"]
[White "Hatipoglu, Metin"]
[Black "Aysoy, Veysi"]
[Result "1-0"]
[WhiteElo "1680"]
[BlackElo "1933"]
[Annotator "NA"]
[PlyCount "66"]
[EventDate "2019.01.27"]
[EventType "swiss"]
[EventCountry "TUR"]
[SourceTitle "playchess.com"]
[Source "ChessBase"]
[SourceQuality "1"]

1. e4 d5 2. exd5 Nf6 3. d4 Nxd5 4. c4 Nb6 5. Nc3 g6 6. Be3 Bg7 7. Qd2 O-O 8. Nf3 Nc6 9. Be2 Bg4 10. O-O-O Bxf3 11. gxf3 e5 12. d5 Nd4 13. h4 c6 14. dxc6 bxc6 15. h5 Qc7 16. Kb1 Rfd8 17. Qc1 Rab8 18. hxg6 fxg6 19. Bd3 e4 20. Bf4 Qf7 21. Bxb8 exd3 22. Qf4 Qb7 23. Rxh7 Nxc4 24. Rxg7+ Kxg7 25. Be5+ Kg8 26. b3 Nxe5 27. Qxe5 Nf5 28. Ne4 Qe7 29. Qc3 Qg7 30. Qxc6 Ne7 31. Qc4+ Qf7 32. Rxd3 Rxd3 33. Qxd3 Nd5 1-0

[Event "Turkey Cup 2019"]
[Site "Belek"]
[Date "2019.01.29"]
[Round "4.46"]
[White "Akcun, Fayik"]
[Black "Atas, Yunus"]
[Result "1-0"]
[WhiteElo "1614"]
[BlackElo "1872"]
[Annotator "NA"]
[PlyCount "93"]
[EventDate "2019.01.27"]
[EventType "swiss"]
[EventCountry "TUR"]
[SourceTitle "playchess.com"]
[Source "ChessBase"]
[SourceQuality "1"]

1. e4 c5 2. Nf3 e6 3. d4 cxd4 4. Nxd4 Nf6 5. Nc3 d6 6. Be3 a6 7. f3 b5 8. Qd2 Be7 9. Bd3 Qc7 10. g4 Nfd7 11. Bg5 b4 12. Nce2 Bxg5 13. Qxg5 O-O 14. O-O-O Nc6 15. Nxc6 Qxc6 16. Kb1 e5 17. Ng3 f6 18. Qd2 Nc5 19. Bc4+ Be6 20. Nf5 Ra7 21. Bxe6+ Nxe6 22. Qxd6 Qxd6 23. Rxd6 Ng5 24. Rf1 Re8 25. Rb6 Rd8 26. b3 a5 27. h4 Nf7 28. Ne3 h5 29. gxh5 Rd2 30. Rg1 Rc7 31. Nc4 Rh2 32. Rxf6 Rxh4 33. Rfg6 Rxh5 34. Rxg7+ Kf8 35. Nd6 Rh2 36. Nf5 Ke8 37. Ne3 Rc6 38. Nc4 Rf6 39. Rg8+ Ke7 40. Nxa5 Rxf3 41. Nc6+ Kd6 42. Nxb4 Kc5 43. a3 Nd6 44. R8g5 Nxe4 45. Rxe5+ Kd4 46. Rd5+ Kc3 47. Na2# 1-0

[Event "Turkey Cup 2019"]
[Site "Belek"]
[Date "2019.01.29"]
[Round "4.47"]
[White "Karakurt, Fahri"]
[Black "Kavukcu, Mustafa"]
[Result "1/2-1/2"]
[WhiteElo "1914"]
[BlackElo "1729"]
[Annotator "NA"]
[PlyCount "107"]
[EventDate "2019.01.27"]
[EventType "swiss"]
[EventCountry "TUR"]
[SourceTitle "playchess.com"]
[Source "ChessBase"]
[SourceQuality "1"]

1. c4 c5 2. Nf3 g6 3. d4 cxd4 4. Nxd4 Bg7 5. e4 Nc6 6. Be3 e6 7. Nc3 a6 8. Be2 Nge7 9. O-O O-O 10. Rc1 d5 11. exd5 exd5 12. cxd5 Bxd4 13. Bxd4 Nxd5 14. Bf3 Be6 15. Bxd5 Bxd5 16. Bc5 Bc4 17. Re1 Qxd1 18. Rcxd1 Rfd8 19. b3 Rxd1 20. Rxd1 Be6 21. Ne4 Rd8 22. Rxd8+ Nxd8 23. Bb6 Nc6 24. Nd6 Nb4 25. Nxb7 Nxa2 26. Nc5 Nc1 27. Nxe6 fxe6 28. b4 Nd3 29. Ba5 Kf7 30. Kf1 Ke7 31. Ke2 Nf4+ 32. Kf3 Nd5 33. Ke4 Kd6 34. Kd4 Ne7 35. g4 Nc6+ 36. Ke4 Nxa5 37. bxa5 e5 38. h4 Ke6 39. f3 Kd6 40. h5 Ke6 41. hxg6 hxg6 42. Ke3 Ke7 43. Ke4 Ke6 44. f4 exf4 45. Kxf4 Kf6 46. g5+ Kf7 47. Ke5 Ke7 48. Kd5 Kd7 49. Ke5 Ke7 50. Kd5 Kd7 51. Kc5 Kc7 52. Kd5 Kd7 53. Kc5 Kc7 54. Kd5 1/2-1/2

[Event "Turkey Cup 2019"]
[Site "Belek"]
[Date "2019.01.29"]
[Round "4.48"]
[White "Baspinar, Mehmet"]
[Black "Hatipli, Mehmet"]
[Result "0-1"]
[WhiteElo "1558"]
[BlackElo "1888"]
[Annotator "NA"]
[PlyCount "104"]
[EventDate "2019.01.27"]
[EventType "swiss"]
[EventCountry "TUR"]
[SourceTitle "playchess.com"]
[Source "ChessBase"]
[SourceQuality "1"]

1. d4 d5 2. Nf3 Nf6 3. Bf4 g6 4. e3 Bg7 5. c4 O-O 6. Nc3 c5 7. Be2 cxd4 8. exd4 Nc6 9. O-O Bf5 10. c5 Ne4 11. Ne5 Nxe5 12. dxe5 Nxc3 13. bxc3 Rc8 14. Qd4 Qd7 15. Rfd1 Rfd8 16. Bf3 Be6 17. Rac1 Qc7 18. Rb1 Rd7 19. Rb3 Qxc5 20. Be3 b6 21. Qf4 Qc7 22. Bd4 f6 23. Re1 fxe5 24. Bxe5 Bxe5 25. Qxe5 Qxe5 26. Rxe5 Kf7 27. Kf1 Kf6 28. Rxe6+ Kxe6 29. Bg4+ Kd6 30. Bxd7 Kxd7 31. Ke2 Kd6 32. Kd3 Rc4 33. Rb2 e5 34. Re2 b5 35. Rb2 e4+ 36. Kd2 Kc5 37. Rb3 a5 38. a3 Ra4 39. Kc2 Kc4 40. h4 h6 41. g4 Kc5 42. Kd1 h5 43. g5 e3 44. c4 exf2 45. Rf3 Rxa3 46. Rxf2 Ra1+ 47. Kc2 Ra2+ 48. Kb3 Rxf2 49. Kc3 Rf3+ 50. Kb2 Kxc4 51. Ka2 Kb4 52. Kb1 Kc3 0-1

[Event "Turkey Cup 2019"]
[Site "Belek"]
[Date "2019.01.29"]
[Round "4.49"]
[White "Yaylali, Adnan Dogan"]
[Black "Sabahi, Cem"]
[Result "1-0"]
[WhiteElo "1927"]
[BlackElo "1642"]
[Annotator "NA"]
[PlyCount "58"]
[EventDate "2019.01.27"]
[EventType "swiss"]
[EventCountry "TUR"]
[SourceTitle "playchess.com"]
[Source "ChessBase"]
[SourceQuality "1"]

1. b3 e5 2. c4 Nf6 3. Bb2 d6 4. g3 Nc6 5. Bg2 g6 6. d3 Bg7 7. Nf3 O-O 8. Nbd2 Re8 9. e4 Nb4 10. Qb1 a5 11. a3 Na6 12. b4 c6 13. O-O Bd7 14. Bc3 axb4 15. axb4 b6 16. Qb2 Nc7 17. Rxa8 Qxa8 18. d4 exd4 19. Nxd4 Ng4 20. b5 c5 21. Nc2 Bxc3 22. Qxc3 Qd8 23. Ra1 Qe7 24. Ra7 Qd8 25. h3 Nh6 26. Ne3 Be6 27. g4 f6 28. f4 Re7 29. Qxf6 Bxc4 1-0

[Event "Turkey Cup 2019"]
[Site "Belek"]
[Date "2019.01.29"]
[Round "4.50"]
[White "Araboga, Mesut"]
[Black "Degirmenci, Yagiz"]
[Result "0-1"]
[WhiteElo "1697"]
[BlackElo "1872"]
[Annotator "NA"]
[PlyCount "118"]
[EventDate "2019.01.27"]
[EventType "swiss"]
[EventCountry "TUR"]
[SourceTitle "playchess.com"]
[Source "ChessBase"]
[SourceQuality "1"]

1. c4 Nf6 2. g3 e5 3. Bg2 Nc6 4. Nc3 Bc5 5. d3 O-O 6. Nf3 h6 7. O-O d6 8. Na4 Bd7 9. Nxc5 dxc5 10. Be3 Qe7 11. Nd2 Ng4 12. Ne4 Nxe3 13. fxe3 Nd8 14. Nc3 c6 15. Qd2 Ne6 16. Ne4 f5 17. Nc3 Qg5 18. Rad1 Rf6 19. Rf3 Raf8 20. Rdf1 Qg6 21. Kh1 Qh5 22. R3f2 Ng5 23. Bf3 Qe8 24. Bg2 Qh5 25. Bf3 Qf7 26. Bg2 Qe7 27. Qc1 Rg6 28. e4 f4 29. gxf4 Nh3 30. Bxh3 Bxh3 31. Rg1 Rxg1+ 32. Qxg1 exf4 33. Rf3 Bd7 34. Qg2 g5 35. e3 fxe3 36. Rxe3 Qf6 37. e5 Qf4 38. Qe2 Bg4 39. Qe1 h5 40. e6 h4 41. e7 Bf3+ 42. Rxf3 Qxf3+ 43. Kg1 Re8 44. Qe5 Qg4+ 45. Kf2 Qf4+ 46. Qxf4 gxf4 47. Kf3 Rxe7 48. Kxf4 Rg7 49. Ne4 Rg2 50. h3 b6 51. Kf3 Rxb2 52. Kg4 Rxa2 53. Kxh4 Rg2 54. Nf6+ Kh8 55. Nd7 Rg7 56. Ne5 a5 57. Nxc6 a4 58. d4 a3 59. dxc5 a2 0-1

[Event "Turkey Cup 2019"]
[Site "Belek"]
[Date "2019.01.29"]
[Round "4.51"]
[White "Oztekin, Kerem Can"]
[Black "Vursan, Emre Can"]
[Result "1-0"]
[WhiteElo "1940"]
[BlackElo "1678"]
[Annotator "NA"]
[PlyCount "41"]
[EventDate "2019.01.27"]
[EventType "swiss"]
[EventCountry "TUR"]
[SourceTitle "playchess.com"]
[Source "ChessBase"]
[SourceQuality "1"]

1. e4 e5 2. Nf3 Nc6 3. Bb5 f5 4. d3 fxe4 5. dxe4 Nf6 6. O-O Bc5 7. Nc3 d6 8. Bg5 O-O 9. Nd5 Kh8 10. Nh4 Ne7 11. Bxf6 gxf6 12. Qh5 Nxd5 13. Ng6+ Kg7 14. Nxf8 Nf4 15. Qxh7+ Kxf8 16. Qh8+ Ke7 17. Qg7+ Ke6 18. g3 Qe7 19. Qg8+ Qf7 20. Bc4+ d5 21. exd5+ 1-0

[Event "Turkey Cup 2019"]
[Site "Belek"]
[Date "2019.01.29"]
[Round "4.52"]
[White "Akbas, Umut Ata"]
[Black "Kurt, Emre"]
[Result "1/2-1/2"]
[WhiteElo "1939"]
[BlackElo "1677"]
[Annotator "NA"]
[PlyCount "81"]
[EventDate "2019.01.27"]
[EventType "swiss"]
[EventCountry "TUR"]
[SourceTitle "playchess.com"]
[Source "ChessBase"]
[SourceQuality "1"]

1. e4 e6 2. d4 d5 3. Nc3 dxe4 4. Nxe4 Nd7 5. Nf3 Ngf6 6. Ng3 Be7 7. Bd3 O-O 8. Qe2 c5 9. c3 b6 10. O-O Bb7 11. Re1 cxd4 12. cxd4 Re8 13. Bd2 Nf8 14. Bb5 N8d7 15. Ne5 Rf8 16. Nc6 Bxc6 17. Bxc6 Rc8 18. Ba4 Nd5 19. Rac1 N7f6 20. Rxc8 Qxc8 21. Rc1 Qb8 22. Qc4 Rd8 23. h3 h6 24. Bb3 Rd7 25. Re1 Bd6 26. Ne4 Nxe4 27. Rxe4 Rc7 28. Qe2 Nf6 29. Rh4 Bf8 30. d5 exd5 31. Bf4 Bd6 32. Bd2 Re7 33. Qf3 Re4 34. Rxe4 dxe4 35. Qf5 Qd8 36. Qg6 Bh2+ 37. Kxh2 Qxd2 38. Qxf7+ Kh7 39. Kg3 Qg5+ 40. Kh2 Qf4+ 41. Kg1 1/2-1/2

[Event "Turkey Cup 2019"]
[Site "Belek"]
[Date "2019.01.29"]
[Round "4.53"]
[White "Aslan, Onat Ugur"]
[Black "Caglar, Mehmet Halil"]
[Result "1-0"]
[WhiteElo "1812"]
[BlackElo "1666"]
[Annotator "NA"]
[PlyCount "62"]
[EventDate "2019.01.27"]
[EventType "swiss"]
[EventCountry "TUR"]
[SourceTitle "playchess.com"]
[Source "ChessBase"]
[SourceQuality "1"]

1. c4 g6 2. d4 Bg7 3. Nc3 Nf6 4. e4 O-O 5. e5 Ne8 6. f4 d6 7. Nf3 Nd7 8. Be3 c5 9. Be2 cxd4 10. Bxd4 Qa5 11. O-O dxe5 12. b4 Qxb4 13. Rb1 Qd6 14. c5 Qb8 15. fxe5 Nxe5 16. Nxe5 Bxe5 17. Nd5 e6 18. Ne7+ Kh8 19. Nc6 Bxd4+ 20. Qxd4+ e5 21. Nxe5 f6 22. Qe3 Bf5 23. Rxf5 gxf5 24. Nd7 Qc8 25. Nxf8 Ng7 26. Ng6+ hxg6 27. Qh6+ Kg8 28. Bc4+ Ne6 29. Qxg6+ Kh8 30. Qxf6+ Kh7 31. Qxf5+ Kh6 1-0

[Event "Turkey Cup 2019"]
[Site "Belek"]
[Date "2019.01.29"]
[Round "4.54"]
[White "Uregen, Rafet"]
[Black "Sade, Defne"]
[Result "1/2-1/2"]
[WhiteElo "1633"]
[BlackElo "1952"]
[Annotator "NA"]
[PlyCount "36"]
[EventDate "2019.01.27"]
[EventType "swiss"]
[EventCountry "TUR"]
[SourceTitle "playchess.com"]
[Source "ChessBase"]
[SourceQuality "1"]

1. e4 e5 2. Nf3 Nc6 3. Bb5 a6 4. Ba4 Nf6 5. Qe2 b5 6. Bb3 Bc5 7. c3 O-O 8. O-O d6 9. Rd1 Bb6 10. h3 Qe7 11. d3 Be6 12. Bc2 h6 13. Nbd2 Nh5 14. Nf1 Qf6 15. Be3 Bxe3 16. fxe3 Qg6 17. Nh4 Qg5 18. Nf3 Qg6 1/2-1/2

[Event "Turkey Cup 2019"]
[Site "Belek"]
[Date "2019.01.29"]
[Round "4.55"]
[White "Ozata, Doruk"]
[Black "Caner, Resul"]
[Result "0-1"]
[WhiteElo "1778"]
[BlackElo "1884"]
[Annotator "NA"]
[PlyCount "150"]
[EventDate "2019.01.27"]
[EventType "swiss"]
[EventCountry "TUR"]
[SourceTitle "playchess.com"]
[Source "ChessBase"]
[SourceQuality "1"]

1. e4 e6 2. d4 d5 3. Nc3 Nf6 4. e5 Nfd7 5. f4 c5 6. Nf3 Nc6 7. Be3 Qb6 8. Na4 Qa5+ 9. c3 cxd4 10. b4 Nxb4 11. cxb4 Bxb4+ 12. Bd2 O-O 13. a3 Bxd2+ 14. Nxd2 b5 15. Nb2 Nb6 16. a4 Qc3 17. Bxb5 Qxb2 18. O-O Bd7 19. Rb1 Qa3 20. Rf3 Qe7 21. Bd3 f5 22. Rh3 Bxa4 23. Qh5 g6 24. Qh6 Rfc8 25. Nf3 Bc2 26. Bxc2 Rxc2 27. Nxd4 Rc7 28. Rg3 Rac8 29. Kf2 Rc3 30. Rb3 Rxb3 31. Rxb3 Rc4 32. Rd3 Qc5 33. Qh4 Nd7 34. Qd8+ Nf8 35. Ke3 Rxd4 36. Rxd4 Qc3+ 37. Rd3 Qe1+ 38. Kd4 Qe4+ 39. Kc3 Qc4+ 40. Kd2 Qxf4+ 41. Kc2 Qxh2 42. Qf6 Qxg2+ 43. Kc3 Qe4 44. Rh3 d4+ 45. Kb4 d3+ 46. Kc3 d2 47. Rxh7 Kxh7 48. Qf7+ Kh6 49. Qxf8+ Kg5 50. Qf6+ Kf4 51. Kxd2 Qd4+ 52. Kc2 g5 53. Qxe6 Qxe5 54. Qh6 Qc5+ 55. Kd1 Qf2 56. Kc1 Kg4 57. Qe6 Qf4+ 58. Kd1 Qe4 59. Qa6 Qd4+ 60. Kc1 f4 61. Qe6+ Kg3 62. Qe1+ Qf2 63. Qe7 g4 64. Kb1 Qe3 65. Qg5 Kf3 66. Qh5 Qg1+ 67. Kb2 Kg3 68. Qe5 Qe3 69. Qd5 f3 70. Qd6+ Kg2 71. Qd5 g3 72. Ka2 Qe2+ 73. Ka1 Kf1 74. Qc6 g2 75. Qc2 g1=Q 0-1

[Event "Turkey Cup 2019"]
[Site "Belek"]
[Date "2019.01.29"]
[Round "4.56"]
[White "Yucesoy, Atil"]
[Black "Kilic, Cihan"]
[Result "1-0"]
[WhiteElo "1685"]
[BlackElo "1886"]
[Annotator "NA"]
[PlyCount "43"]
[EventDate "2019.01.27"]
[EventType "swiss"]
[EventCountry "TUR"]
[SourceTitle "playchess.com"]
[Source "ChessBase"]
[SourceQuality "1"]

1. d4 Nf6 2. Nf3 e6 3. Bf4 b6 4. e3 Bb7 5. Bd3 Be7 6. h3 d6 7. O-O Nbd7 8. c4 O-O 9. Nc3 Re8 10. e4 c5 11. e5 Nh5 12. Bh2 dxe5 13. dxe5 a6 14. g4 Nhf6 15. exf6 Nxf6 16. g5 Nh5 17. Be4 Qc8 18. Ne5 Bxe4 19. Nxe4 g6 20. Ng4 Ra7 21. Qf3 Rd8 22. Nh6+ 1-0

[Event "Turkey Cup 2019"]
[Site "Belek"]
[Date "2019.01.29"]
[Round "4.57"]
[White "Erdal, Emre"]
[Black "Benk, Tolga Tugay"]
[Result "0-1"]
[WhiteElo "1615"]
[BlackElo "1863"]
[Annotator "NA"]
[PlyCount "46"]
[EventDate "2019.01.27"]
[EventType "swiss"]
[EventCountry "TUR"]
[SourceTitle "playchess.com"]
[Source "ChessBase"]
[SourceQuality "1"]

1. e4 d6 2. d4 Nf6 3. Nc3 g6 4. Bf4 c6 5. Qd2 b5 6. Bd3 Bb7 7. f3 Nbd7 8. Rd1 e5 9. dxe5 dxe5 10. Bg5 Qb6 11. f4 h6 12. Bh4 Bc5 13. Nh3 Be3 14. Qe2 exf4 15. e5 Nh5 16. e6 Ne5 17. exf7+ Kxf7 18. Ne4 Kg7 19. Bf2 Bxf2+ 20. Nhxf2 Rae8 21. O-O f3 22. gxf3 Nf4 23. Qd2 Nxf3+ 0-1

[Event "Turkey Cup 2019"]
[Site "Belek"]
[Date "2019.01.29"]
[Round "4.58"]
[White "Erim, Engin"]
[Black "Demirbas, Emre"]
[Result "0-1"]
[WhiteElo "1615"]
[BlackElo "1823"]
[Annotator "NA"]
[PlyCount "64"]
[EventDate "2019.01.27"]
[EventType "swiss"]
[EventCountry "TUR"]
[SourceTitle "playchess.com"]
[Source "ChessBase"]
[SourceQuality "1"]

1. d4 d5 2. c4 c6 3. Nc3 Nf6 4. Nf3 e6 5. Bg5 h6 6. Bxf6 Qxf6 7. e3 Bd6 8. Rc1 O-O 9. Bd3 dxc4 10. Bxc4 b5 11. Bd3 a6 12. O-O Bb7 13. Ne4 Qe7 14. Nxd6 Qxd6 15. Ne5 Rc8 16. Bb1 f6 17. f4 c5 18. Qh5 Qe7 19. Qg6 f5 20. g4 Nd7 21. gxf5 Nf8 22. Qh5 cxd4 23. fxe6 dxe3 24. Rxc8 Rxc8 25. Ng6 Qxe6 26. Bf5 Qb6 27. Ne7+ Kh8 28. Nxc8 Bxc8 29. Re1 e2+ 30. Kg2 Bb7+ 31. Kg3 Qe3+ 32. Kh4 Qf2+ 0-1

[Event "Turkey Cup 2019"]
[Site "Belek"]
[Date "2019.01.29"]
[Round "4.59"]
[White "Onem, Cem"]
[Black "Gonen, Mutlu"]
[Result "1-0"]
[WhiteElo "1840"]
[BlackElo "1634"]
[Annotator "NA"]
[PlyCount "125"]
[EventDate "2019.01.27"]
[EventType "swiss"]
[EventCountry "TUR"]
[SourceTitle "playchess.com"]
[Source "ChessBase"]
[SourceQuality "1"]

1. d4 d5 2. c4 c6 3. Nf3 Nf6 4. e3 Bf5 5. Nh4 Bc8 6. Nc3 e6 7. Nf3 Bd6 8. Be2 Nbd7 9. O-O O-O 10. b3 e5 11. dxe5 Nxe5 12. cxd5 cxd5 13. Nb5 Nxf3+ 14. Bxf3 Be5 15. Nd4 Ne4 16. Ba3 Re8 17. Qd3 Qf6 18. Rac1 Qh6 19. g3 Bh3 20. Bg2 Bxg2 21. Kxg2 Rac8 22. Rxc8 Rxc8 23. Nf5 Qe6 24. Ne7+ Kh8 25. Nxc8 Qxc8 26. f4 Bf6 27. Rc1 Qg4 28. Qc2 Bd8 29. Be7 Bc7 30. Bh4 h6 31. h3 Qh5 32. Be7 Bb6 33. g4 Qg6 34. f5 Qc6 35. Qxc6 bxc6 36. Kf3 c5 37. Rd1 Nc3 38. Rd3 d4 39. exd4 cxd4 40. a3 a5 41. a4 Nd5 42. Ba3 Kg8 43. Rd2 Nc3 44. Bb2 Kf8 45. Rd3 Na2 46. Bxd4 Nc1 47. Rd1 Bxd4 48. Rxc1 Ke7 49. Rc6 Kd7 50. Rc4 Bg1 51. Ke4 Kd6 52. Rc8 Bb6 53. Rg8 Ke7 54. Rxg7 Kf6 55. Rg8 Bc5 56. h4 Bb4 57. g5+ hxg5 58. hxg5+ Ke7 59. Kd5 Bd2 60. f6+ Kd7 61. g6 fxg6 62. f7 Bb4 63. f8=Q 1-0

[Event "Turkey Cup 2019"]
[Site "Belek"]
[Date "2019.01.29"]
[Round "4.60"]
[White "Ataer, Arda Burak"]
[Black "Bayik, Hasan"]
[Result "1/2-1/2"]
[WhiteElo "1628"]
[BlackElo "1825"]
[Annotator "NA"]
[PlyCount "90"]
[EventDate "2019.01.27"]
[EventType "swiss"]
[EventCountry "TUR"]
[SourceTitle "playchess.com"]
[Source "ChessBase"]
[SourceQuality "1"]

1. e4 d6 2. d4 g6 3. Nf3 Bg7 4. Bc4 c6 5. O-O b5 6. Bd3 a6 7. c3 Nd7 8. Re1 Qc7 9. Bf4 e5 10. Bg3 Ngf6 11. h3 O-O 12. Nbd2 Bb7 13. Nf1 Rae8 14. dxe5 dxe5 15. Qe2 Nh5 16. Bh2 Nf4 17. Bxf4 exf4 18. N1d2 c5 19. Rad1 c4 20. Bb1 Re7 21. Nd4 Rfe8 22. a4 Nc5 23. axb5 Bxd4 24. cxd4 Nxe4 25. Bxe4 Bxe4 26. Qxc4 Qxc4 27. Nxc4 Bc2 28. Rxe7 Rxe7 29. Rc1 axb5 30. Rxc2 bxc4 31. Kf1 Rb7 32. Ke2 Rb3 33. d5 Kf8 34. Rxc4 Rxb2+ 35. Kf3 g5 36. Rd4 Ke7 37. Rd3 Kd6 38. g3 fxg3 39. Kxg3 f5 40. f4 h6 41. Rf3 Rb1 42. fxg5 Rg1+ 43. Kf4 Rxg5 44. Rd3 Rh5 45. Kg3 Rg5+ 1/2-1/2

[Event "Turkey Cup 2019"]
[Site "Belek"]
[Date "2019.01.29"]
[Round "4.62"]
[White "Gundogan, Sinem Cagla"]
[Black "Hasanoglu, Hakan"]
[Result "1-0"]
[WhiteElo "1860"]
[BlackElo "1646"]
[Annotator "NA"]
[PlyCount "79"]
[EventDate "2019.01.27"]
[EventType "swiss"]
[EventCountry "TUR"]
[SourceTitle "playchess.com"]
[Source "ChessBase"]
[SourceQuality "1"]

1. e4 c5 2. Nf3 d6 3. d4 cxd4 4. Qxd4 Nc6 5. Bb5 Bd7 6. Bxc6 Bxc6 7. Nc3 Nf6 8. Bg5 e6 9. O-O-O Be7 10. h4 O-O 11. e5 dxe5 12. Qxe5 Nd7 13. Qg3 Bf6 14. Nd4 Qb6 15. Nxc6 Qxc6 16. Rxd7 Bxg5+ 17. hxg5 Qxd7 18. Qh4 Rfd8 19. Qxh7+ Kf8 20. g6 Qd2+ 21. Kb1 Qxf2 22. Qh8+ Ke7 23. Qxg7 Rg8 24. Qe5 Rad8 25. Qg5+ Qf6 26. Qc5+ Ke8 27. Ne4 Qf4 28. Qb5+ Ke7 29. Qxb7+ Rd7 30. Qb4+ Kd8 31. gxf7 Qxf7 32. Nf6 Rxg2 33. Qb8+ Ke7 34. Nxd7 Qg6 35. Qf8+ Kxd7 36. Rd1+ Kc7 37. Qd6+ Kb7 38. Qb4+ Kc7 39. Qc5+ Kb7 40. Rd7+ 1-0

[Event "Turkey Cup 2019"]
[Site "Belek"]
[Date "2019.01.29"]
[Round "4.63"]
[White "Yuksel, Davut Can"]
[Black "Tolon, Adman Devran"]
[Result "1-0"]
[WhiteElo "1836"]
[BlackElo "1761"]
[Annotator "NA"]
[PlyCount "69"]
[EventDate "2019.01.27"]
[EventType "swiss"]
[EventCountry "TUR"]
[SourceTitle "playchess.com"]
[Source "ChessBase"]
[SourceQuality "1"]

1. d4 e6 2. c4 Bb4+ 3. Nd2 d5 4. Qa4+ Nc6 5. e3 Nf6 6. a3 Be7 7. Ngf3 O-O 8. Bd3 Bd7 9. Qc2 a5 10. b3 h6 11. O-O Re8 12. Bb2 Bf8 13. e4 dxe4 14. Nxe4 Nh5 15. Rfe1 f5 16. Nc3 Nf4 17. Bf1 g5 18. d5 exd5 19. Nxd5 Nxd5 20. cxd5 Ne7 21. Bc4 Kh7 22. d6 cxd6 23. Bf7 Qc8 24. Qd3 Ng6 25. Qd4 Rxe1+ 26. Rxe1 Qd8 27. Qd5 Bg7 28. Qxd6 Nf4 29. Bxg7 Kxg7 30. Re7 Ne2+ 31. Rxe2 Ra6 32. Qd5 g4 33. Ne5 Qc7 34. Nc4 Rc6 35. Re7 1-0

[Event "Turkey Cup 2019"]
[Site "Belek"]
[Date "2019.01.29"]
[Round "4.64"]
[White "Selvi, Kaan"]
[Black "Gungor, Cihan Akif"]
[Result "1/2-1/2"]
[WhiteElo "1854"]
[BlackElo "1588"]
[Annotator "NA"]
[PlyCount "120"]
[EventDate "2019.01.27"]
[EventType "swiss"]
[EventCountry "TUR"]
[SourceTitle "playchess.com"]
[Source "ChessBase"]
[SourceQuality "1"]

1. d4 Nf6 2. Nf3 b6 3. Bg5 e6 4. Nbd2 Bb7 5. e3 Be7 6. Bd3 O-O 7. O-O h6 8. Bh4 Nd5 9. Bxe7 Qxe7 10. a3 a5 11. c4 Nf6 12. Qe2 d6 13. b4 axb4 14. axb4 Nc6 15. b5 Na5 16. e4 Rfe8 17. Rfe1 e5 18. d5 Nd7 19. Rab1 Nc5 20. Bc2 Bc8 21. Nf1 Bg4 22. Ne3 Bxf3 23. Qxf3 g6 24. g3 Kg7 25. Kg2 Qf6 26. Qe2 h5 27. h4 Nab7 28. Ra1 Ra5 29. Rxa5 Nxa5 30. Rf1 Qe7 31. Rh1 Nab3 32. Bxb3 Nxb3 33. Qd1 Nd4 34. f4 Qf6 35. Rf1 Ra8 36. Qd2 Nb3 37. Qc2 Nd4 38. Qb2 Kg8 39. Rf2 Re8 40. f5 g5 41. Kh3 g4+ 42. Kg2 Qh6 43. Qa3 f6 44. Nc2 Nf3 45. Nb4 Kh8 46. Nc2 Kg8 47. Nb4 Kh8 48. Nc2 Kg8 49. Re2 Qf8 50. Nb4 Ra8 51. Na6 Qh6 52. Qc3 Ra7 53. Kf2 Kh8 54. Qe3 Qxe3+ 55. Kxe3 Kg8 56. Ra2 Kf8 57. Nb4 Rxa2 58. Nxa2 Ke8 59. Nb4 Kd7 60. Nc2 Ke8 1/2-1/2

[Event "Turkey Cup 2019"]
[Site "Belek"]
[Date "2019.01.29"]
[Round "4.65"]
[White "Ozturk, Oguzhan"]
[Black "Zekeriyaoglu, Ersen"]
[Result "0-1"]
[WhiteElo "1528"]
[BlackElo "1759"]
[Annotator "NA"]
[PlyCount "93"]
[EventDate "2019.01.27"]
[EventType "swiss"]
[EventCountry "TUR"]
[SourceTitle "playchess.com"]
[Source "ChessBase"]
[SourceQuality "1"]

1. d4 d5 2. c4 e6 3. Nc3 Nf6 4. cxd5 exd5 5. Bg5 c6 6. e3 Nbd7 7. Bd3 Qa5 8. Bxf6 Nxf6 9. Nge2 Bd6 10. h3 Be6 11. Qc2 O-O 12. O-O Rfe8 13. a3 Qd8 14. Rae1 g6 15. Ng3 Qd7 16. f4 Kg7 17. Rf3 Qc7 18. Ref1 Bd7 19. Nh1 Re7 20. g4 Rae8 21. Qf2 Ne4 22. Bxe4 dxe4 23. Rg3 Kh8 24. h4 a5 25. Qh2 b5 26. g5 b4 27. axb4 axb4 28. Nd1 Kg7 29. h5 Rh8 30. Nhf2 c5 31. dxc5 Qxc5 32. Kg2 Bc6 33. Rh1 Bxf4 34. hxg6 fxg6 35. Qh6+ Kf7 36. Rf1 Ke8 37. Rh3 Bxg5 38. Qxg6+ hxg6 39. Rxh8+ Kd7 40. b3 Bxe3 41. Nxe3 Qxe3 42. Rd1+ Kc7 43. Ra1 Qf3+ 44. Kg1 e3 45. Ne4 Qxe4 46. Rh2 Qg4+ 47. Kf1 0-1